Directorio para uso de la Santa y Apostólica Catedral y Diócesis de Almería / (Registro nro. 57087)

Detalles MARC
000 -LEADER
campo de control de longitud fija 00551nam a2200157 i 4500
001 - NÚMERO DE CONTROL
campo de control 57087
003 - IDENTIFICADOR DE NÚMERO DE CONTROL
campo de control ES-MaACL
005 - FECHA Y HORA DE LA ÚLTIMA TRANSACCIÓN
campo de control 20230906163518.0
007 - CAMPO FIJO DE DESCRIPCIÓN FÍSICA--INFORMACIÓN GENERAL
campo de control de longitud fija t|
008 - DATOS DE LONGITUD FIJA--INFORMACIÓN GENERAL
campo de control de longitud fija 031015s1968 sp ||||1| spa d
245 00 - MENCIÓN DEL TÍTULO
Título Directorio para uso de la Santa y Apostólica Catedral y Diócesis de Almería /
Mención de responsabilidad, etc. editado por José Cañizares Casquet para el año del Señor 1969.
260 ## - PUBLICACIÓN, DISTRIBUCIÓN, ETC.
Lugar de publicación, distribución, etc. Almería :
Nombre del editor, distribuidor, etc. [s.n],
Fecha de publicación, distribución, etc. 1968 (
Fabricante Gráf. Ortíz)
300 ## - DESCRIPCIÓN FÍSICA
Extensión XI, 104 p. ;
Dimensiones 16 cm.
700 1# - ENTRADA AGREGADA--NOMBRE PERSONAL
Nombre de persona Cañizares Casquets, José.
9 (RLIN) 34758
852 ## - LOCALIZACIÓN
Ubicación ES-MaACL
Número de control de estantería C-36140
Sublocalización o colección R.68799
Existencias
Estatus retirado Estado de pérdida Estado de daño No para préstamo Biblioteca de origen Biblioteca actual Ubicación en estantería Fecha de adquisición Fuente de adquisición Total de préstamos Signatura topográfica completa Código de barras Visto por última vez Precio de reemplazo Tipo de ítem Koha
        Biblioteca del Ateneo de Madrid Biblioteca del Ateneo de Madrid Depósito 2 17/01/2008     C-36140 1059941 23/02/2023 23/02/2023 Libro impreso